[Event "1. liga V 24/25, Jundrov-Morenda"]
[Site ""]
[Date "2025.04.06"]
[Round "11.3"]
[White "Seidl, Stepan"]
[Black "Roubalik, Jakub"]
[Result "1/2-1/2"]
[WhiteFideId "338290"]
[BlackFideId "322237"]
[WhiteElo "2125"]
[BlackElo "2323"]
[PlyCount "0"]
[WhiteTeam "Jezdci Jundrov"]
[BlackTeam "Moravska Slavia Brno B"]
[EventDate "2024.10.20"]

1. e4 c5 2. Nf3 Nc6 3. Bb5 d6 4. O-O Bg4 5. d3 Nf6 6. Bg5 Qb6 7. Nc3 a6 8.
Bxc6+ Qxc6 9. h3 Bxf3 10. Qxf3 Nd7 11. Nd5 e6 12. Qe2 h6 13. Bh4 g5 14. Bg3
O-O-O 15. Ne3 Bg7 16. Nc4 Ne5 17. Bxe5 Bxe5 18. Rab1 Bg7 19. b4 d5 20. exd5
exd5 1/2-1/2

[Event "1. liga V 24/25, Jundrov-Morenda"]
[Site ""]
[Date "2025.04.06"]
[Round "11.4"]
[White "Holemar, David"]
[Black "Novosadova, Kristyna"]
[Result "0-1"]
[WhiteFideId "307009"]
[BlackFideId "328065"]
[WhiteElo "2200"]
[BlackElo "2146"]
[PlyCount "0"]
[WhiteTeam "Moravska Slavia Brno B"]
[BlackTeam "Jezdci Jundrov"]
[EventDate "2024.10.20"]

1. d4 Nf6 2. Nf3 g6 3. Bg5 Bg7 4. Nbd2 d5 5. e3 c5 6. Bd3 O-O 7. c3 Nc6 8. O-O
b6 9. Qb1 h6 10. Bh4 g5 11. Bg3 Nh5 12. b4 Nxg3 13. hxg3 g4 14. Nh4 e5 15. Bb5
Ne7 16. Qd3 e4 17. Qe2 Qd6 18. bxc5 bxc5 19. dxc5 Qxc5 20. Nb3 Qxc3 21. Rac1
Qb4 22. Rfd1 Rb8 23. Ba6 Bxa6 24. Qxa6 Qb6 25. Qxb6 axb6 26. Rc7 Rfe8 27. Nd4
Bxd4 28. exd4 Kf8 29. Rb1 Red8 30. a4 Ke8 31. Rb5 Rd7 32. Rc2 Ra7 33. Rcb2 Rxa4
34. Rxb6 Rxb6 35. Rxb6 Rxd4 36. Kf1 Rc4 37. Rxh6 d4 38. Rd6 d3 39. Ke1 Nc8 40.
Ra6 Rc5 41. Kd2 Kd7 42. Ra1 Nd6 43. Ke3 Rc2 44. f3 Nc4+ 45. Kxe4 d2 0-1

[Event "1. liga V 24/25, Jundrov-Morenda"]
[Site ""]
[Date "2025.04.06"]
[Round "11.5"]
[White "Gabriel, Adam"]
[Black "Bures, Vit"]
[Result "0-1"]
[WhiteFideId "332020"]
[BlackFideId "309052"]
[WhiteElo "2287"]
[BlackElo "2229"]
[PlyCount "0"]
[WhiteTeam "Jezdci Jundrov"]
[BlackTeam "Moravska Slavia Brno B"]
[EventDate "2024.10.20"]

1. b3 e5 2. Bb2 Nc6 3. e3 Nf6 4. Bb5 Bd6 5. Na3 e4 6. f4 a6 7. Bxc6 dxc6 8. Nc4
Be7 9. Ne2 Be6 10. Ne5 c5 11. O-O Qd6 12. f5 Bd5 13. c4 Bc6 14. Ng3 Rd8 15. Qe1
O-O 16. Rd1 Ne8 17. Rf4 Bf6 18. Nxe4 Bxe4 19. Rxe4 Bxe5 20. Rxe5 Nf6 21. Qg3
Kh8 22. Bc3 b5 23. d3 Rg8 24. Rd2 c6 25. Qf4 Rd7 26. g4 Rgd8 27. g5 Ng8 28. Ba5
Rf8 29. Bb6 f6 30. Rxc5 Qxf4 31. exf4 fxg5 32. fxg5 Ne7 33. f6 gxf6 34. gxf6
Rxf6 35. Rg5 Ng6 36. d4 Nh4 37. Rd3 Rdf7 38. h3 Nf3+ 39. Rxf3 Rxf3 40. d5 h6
41. Rg4 cxd5 42. cxd5 Rxh3 43. d6 Rd3 44. Bc5 Rg7 45. Rxg7 Kxg7 46. Kf2 Kf7 47.
Ke2 Rd5 48. Bb4 Ke6 49. a4 bxa4 50. bxa4 Rd4 51. Bc5 Rxa4 0-1

[Event "1. liga V 24/25, Jundrov-Morenda"]
[Site ""]
[Date "2025.04.06"]
[Round "11.6"]
[White "Kupsa, Matej"]
[Black "Pycha, Patrik"]
[Result "1-0"]
[WhiteFideId "374040"]
[BlackFideId "344630"]
[WhiteElo "2090"]
[BlackElo "2077"]
[PlyCount "0"]
[WhiteTeam "Moravska Slavia Brno B"]
[BlackTeam "Jezdci Jundrov"]
[EventDate "2024.10.20"]

1. e4 e6 2. d4 d5 3. exd5 exd5 4. Nf3 Nf6 5. Bd3 c5 6. c3 Be7 7. dxc5 Bxc5 8.
Qe2+ Be7 9. O-O O-O 10. Nbd2 Nc6 11. h3 d4 12. Nxd4 Nxd4 13. cxd4 Qxd4 14.
Bxh7+ Kxh7 15. Qxe7 Be6 16. Nf3 Qd7 17. Qxd7 Bxd7 18. Be3 Bc6 19. Ne5 Bd5 20.
Rfd1 Be6 21. a3 Nd5 22. Nf3 f6 23. Rac1 a6 24. Nd4 Bg8 25. Nf5 Rfe8 26. Rd3
Rad8 27. Rcd1 Nxe3 28. Nxe3 Rxd3 29. Rxd3 Re7 30. Kf1 Rc7 31. Ke1 Kg6 32. Kd2
Be6 33. Rd4 Kf7 34. Nd1 Rc5 35. h4 g5 36. Nc3 gxh4 37. Rxh4 Kg6 38. Rb4 b5 39.
Rd4 Rc6 40. f3 Bb3 41. Ke3 Re6+ 42. Kf4 Rc6 43. g4 Kf7 44. Kg3 Ke6 45. f4 Rc7
46. f5+ Ke5 47. Re4+ Kd6 48. Kf4 Rg7 49. Re1 Re7 50. Ne4+ Kc6 51. Rc1+ Kb6 52.
Rc3 1-0

[Event "1. liga V 24/25, Jundrov-Morenda"]
[Site ""]
[Date "2025.04.06"]
[Round "11.7"]
[White "Tovarek, Antonin"]
[Black "Vechet, Stanislav"]
[Result "1/2-1/2"]
[WhiteFideId "384682"]
[BlackFideId "302473"]
[WhiteElo "1953"]
[BlackElo "2106"]
[PlyCount "0"]
[WhiteTeam "Jezdci Jundrov"]
[BlackTeam "Moravska Slavia Brno B"]
[EventDate "2024.10.20"]

1. e4 e5 2. Nf3 Nc6 3. Bb5 a6 4. Ba4 Nf6 5. O-O Be7 6. Re1 b5 7. Bb3 O-O 8. c3
d6 9. h3 Na5 10. Bc2 c5 11. d4 Qc7 12. Nbd2 cxd4 13. cxd4 Bd7 14. Bd3 Nc6 15.
a3 g6 16. d5 Nd8 17. Nf1 Nh5 18. Bh6 Re8 19. Rc1 Qb7 20. g4 Ng7 21. Ne3 f6 22.
h4 Nf7 23. Bxg7 Kxg7 24. Kh2 Rac8 25. Qd2 Kh8 26. Rxc8 Rxc8 27. Rc1 Rxc1 28.
Qxc1 Bd8 29. Ne1 Qc8 30. Qxc8 Bxc8 31. Kg3 Kg7 32. f3 Bb6 33. N1c2 Nh6 34. b3
Bd7 35. b4 Bc8 36. Kg2 Kf8 37. Kg3 Ke7 38. Kg2 Kd8 39. Kg3 Ng8 40. Be2 1/2-1/2

[Event "1. liga V 24/25, Jundrov-Morenda"]
[Site ""]
[Date "2025.04.06"]
[Round "11.8"]
[White "Skacelik, Petr"]
[Black "Mlynek, Petr"]
[Result "1-0"]
[WhiteFideId "307904"]
[BlackFideId "307670"]
[WhiteElo "2139"]
[BlackElo "2029"]
[PlyCount "0"]
[WhiteTeam "Moravska Slavia Brno B"]
[BlackTeam "Jezdci Jundrov"]
[EventDate "2024.10.20"]

1. d4 f5 2. Nf3 g6 3. g3 Bg7 4. Bg2 Nf6 5. O-O d6 6. b3 Ne4 7. Bb2 c5 8. e3 Nc6
9. c4 e5 10. dxe5 dxe5 11. Qxd8+ Kxd8 12. Rd1+ Kc7 13. Nbd2 Nxd2 14. Rxd2 Rd8
15. Rad1 Be6 16. Ng5 Bg8 17. Bd5 h6 18. Nf3 Bxd5 19. cxd5 Nb4 20. a3 Nd3 21.
Rxd3 e4 22. Bxg7 exd3 23. Rxd3 Rd7 24. Bxh6 Rad8 25. Bf4+ Kc8 26. d6 b5 27. Rc3
1-0

[Event "1. liga V 24/25, Dobra-Duras"]
[Site ""]
[Date "2025.04.06"]
[Round "11.1"]
[White "Hrbek, Stepan"]
[Black "Blahynka, Martin"]
[Result "0-1"]
[WhiteFideId "393479"]
[BlackFideId "334766"]
[WhiteElo "2425"]
[BlackElo "2372"]
[PlyCount "0"]
[WhiteTeam "Sokol Dobra"]
[BlackTeam "Duras Charlie's Street Brno"]
[EventDate "2024.10.20"]

1. d4 Nf6 2. c4 c5 3. d5 b5 4. cxb5 a6 5. e3 g6 6. Nc3 Bg7
7. e4 O-O 8. a4 Bb7 9. Bg5 Qa5 10. Bd2 Qd8 11. Bc4 e6 12. Nge2 exd5 13. exd5 d6
14. O-O axb5 {[%emt 0:00:00]} 15. Bxb5 {[%emt 0:00:10]} Na6 {[%emt 0:00:15]}
16. Bf4 Nb4 17. Bc4 Ba6 18. Bxa6 Rxa6 19. Qd2 Qa8 20. Rad1 c4 21. Nb5 Nbxd5 22.
Bxd6 Rc8 23. Be5 Rxa4 24. Rfe1 Ra5 25. Ned4 c3 26. bxc3 Ra2 27. Qg5 h6 28. Qh4
Qa6 29. Nd6 Rxc3 30. N4b5 Ra4 31. Qxa4 Qxa4 32. Nxc3 Nxc3 33. Bxc3 Qb3 34. Bxf6
Bxf6 35. Rb1 Qd5 36. Red1 Qe6 37. Rb8+ Kg7 38. Re8 Be7 39. Nc8 Qb3 40. Rf1 Bc5
41. Rfe1 Qb2 42. R8e2 Qb7 43. Re8 Kf6 44. g3 h5 45. R1e5 Qc6 46. Re2 g5 47. Rd8
h4 48. Rc2 Qb5 49. Kg2 Qb7+ 50. Kh3 g4+ 51. Kxh4 Qg2 52. Kxg4 Qe4+ 53. f4 Qxc2
54. Nb6 Qe2+ 55. Kh4 Qxh2+ 56. Kg4 Qe2+ 57. Kh4 Kg6 58. f5+ Kh6 59. Rh8+ Kg7
60. Rb8 Qb5 0-1

[Event "1. liga V 24/25, Dobra-Duras"]
[Site ""]
[Date "2025.04.06"]
[Round "11.2"]
[White "Vyskocil, Neklan"]
[Black "Berezjuk, Sergej"]
[Result "0-1"]
[WhiteFideId "307106"]
[BlackFideId "312614"]
[WhiteElo "2269"]
[BlackElo "2345"]
[PlyCount "0"]
[WhiteTeam "Duras Charlie's Street Brno"]
[BlackTeam "Sokol Dobra"]
[EventDate "2024.10.20"]

1. e4 c5 2. Nf3 a6 3. c3 d5 4. exd5 Qxd5 5. d4 e6 6. Be2 Nf6 7. O-O Be7 8. c4
Qd6 9. dxc5 Qxc5 10. Be3 Qc7 11. Nc3 O-O 12. Qd4 Nc6 13. Qb6 Qb8 14. h3 Nd7 15.
Qb3 b6 16. a3 Bc5 17. Ne4 Qc7 18. Rfd1 Be7 19. Rac1 Bb7 20. Qc2 Rfd8 21. c5
bxc5 22. Nxc5 Nxc5 23. Bxc5 Rxd1+ 24. Bxd1 Bf6 25. Be3 Qd7 26. Be2 Rc8 27. Qd2
Qe8 28. b4 Ne7 29. Rxc8 Qxc8 30. Qc1 Qd7 31. Qc5 Nd5 32. Bd2 h6 33. Qc2 g5 34.
a4 Bd8 35. b5 axb5 36. Bxb5 Qd6 37. Qc4 Qa3 38. Qd3 Qa1+ 39. Qf1 Qa2 40. Qc4
Qb2 41. Qc1 Qa2 42. Qc4 Qb1+ 43. Qc1 Qf5 44. Bc6 Bxc6 45. Qxc6 Qb1+ 46. Ne1 Kg7
47. a5 Qa1 48. Qc5 Bf6 49. g3 Bd4 50. Qc2 Bc3 51. Kg2 Qxa5 52. Bxc3+ Nxc3 53.
Nf3 Qc5 54. Qd3 Nd5 55. Qe2 Qc3 56. Qe4 Nf6 57. Qe2 Qc6 58. Kg1 Ne4 59. Qb2+ f6
60. Qe2 Qd5 61. Qe3 Kg6 62. Kh2 h5 63. h4 g4 64. Nd4 e5 65. Ne2 Nd2 0-1

[Event "1. liga V 24/25, Dobra-Duras"]
[Site ""]
[Date "2025.04.06"]
[Round "11.3"]
[White "Kula, Dominik"]
[Black "Zpevak, Pavel"]
[Result "1/2-1/2"]
[WhiteFideId "344338"]
[BlackFideId "300586"]
[WhiteElo "2177"]
[BlackElo "2255"]
[PlyCount "0"]
[WhiteTeam "Sokol Dobra"]
[BlackTeam "Duras Charlie's Street Brno"]
[EventDate "2024.10.20"]

1. e4 c5 2. Nf3 e6 3. d4 cxd4 4. Nxd4 a6 5. Nc3 Qc7 6. Bd3 Nc6 7. Be3 Nf6 8.
Nxc6 bxc6 9. f4 d5 10. Qf3 Be7 11. O-O Rb8 12. Rab1 O-O 13. Bd4 Rb4 14. Bxf6
Bxf6 15. e5 Be7 16. a3 Rb8 17. Qh5 g6 18. Qh6 f5 19. g4 fxg4 20. Be2 Bc5+ 21.
Kh1 Qg7 22. Qxg7+ Kxg7 23. Bxg4 a5 24. Rf3 h5 25. Bh3 g5 26. Na4 Ba7 27. Rc3 g4
28. Bf1 d4 29. Rc4 Ba6 30. Rc5 Bxc5 31. Nxc5 Bc8 32. Bc4 Rxf4 33. Bxe6 Rb5 34.
Nd3 Bxe6 35. Nxf4 Rxe5 36. Rd1 c5 37. b4 axb4 38. axb4 Bd5+ 39. Kg1 Bf3 40. Rd2
cxb4 41. Rxd4 h4 42. Kf2 Re4 43. h3 Rxd4 44. Ne6+ Kf6 45. Nxd4 Ke5 46. hxg4
Kxd4 47. Kxf3 Ke5 48. Ke3 Kf6 49. Ke4 Kg5 50. Kf3 h3 1/2-1/2

[Event "1. liga V 24/25, Dobra-Duras"]
[Site ""]
[Date "2025.04.06"]
[Round "11.4"]
[White "Chytilek, Roman"]
[Black "Fizer, Marek"]
[Result "1/2-1/2"]
[WhiteFideId "304980"]
[BlackFideId "391980"]
[WhiteElo "2299"]
[BlackElo "2170"]
[PlyCount "0"]
[WhiteTeam "Duras Charlie's Street Brno"]
[BlackTeam "Sokol Dobra"]
[EventDate "2024.10.20"]

1. Nf3 d5 2. e3 Nf6 3. c4 e6 4. Nc3 Be7 5. a3 O-O 6. b4
dxc4 7. Bxc4 c5 8. bxc5 Bxc5 9. d4 Be7 10. O-O a6 11. a4 Qc7 12. Qe2 Nc6 13.
Bb2 Rd8 14. Rac1 Qb6 15. Rfd1 Nd5 16. e4 Nf4 17. Qd2 Na5 18. Ba2 Nd3 19. Qxd3
Qxb2 20. d5 Bb4 21. Bb1 Nb3 22. Rc2 Qa3 23. Ne5 Nc5 24. Qf3 f6 25. Nc4 Qb3 26.
Nd2 Qa3 27. Nc4 Qb3 28. Nd2 Qa3 29. Nc4 1/2-1/2

[Event "1. liga V 24/25, Dobra-Duras"]
[Site ""]
[Date "2025.04.06"]
[Round "11.5"]
[White "Kanakova, Natalie"]
[Black "Vadila, Ondrej"]
[Result "1/2-1/2"]
[WhiteFideId "350486"]
[BlackFideId "14944642"]
[WhiteElo "2152"]
[BlackElo "2191"]
[PlyCount "0"]
[WhiteTeam "Sokol Dobra"]
[BlackTeam "Duras Charlie's Street Brno"]
[EventDate "2024.10.20"]

1. Nf3 Nf6 2. c4 c5 3. Nc3 g6 4. d4 cxd4 5. Nxd4 Nc6 6. e4
d6 7. Be2 Bg7 8. Be3 O-O 9. f3 Bd7 10. Qd2 a5 11. O-O-O a4 12. Kb1 Qa5 13. h4
Rfc8 14. Ndb5 Ne5 15. Na3 Be6 16. Nd5 Qxd2 17. Bxd2 Nxd5 18. cxd5 Bd7 19. h5 f5
20. hxg6 Nxg6 21. exf5 Bxf5+ 22. Ka1 Ne5 23. Bg5 Nf7 24. Be3 Rc3 25. Bd4 Bxd4
26. Rxd4 Re3 27. Bb5 Ne5 28. Rxa4 Rxa4 29. Bxa4 Re2 30. g4 Bg6 31. f4 Nxg4 32.
Bd1 Rg2 33. Re1 Nf2 34. Bb3 Nd3 35. Rf1 Nxf4 36. Nc4 Nd3 37. a4 Nc5 38. Ka2 Bf7
39. Nb6 Rg5 40. Bc4 Rg4 41. b3 h5 42. Nc8 Kf8 43. Ka3 h4 44. Rh1 Nd7 45. Rh3
Ne5 46. Be2 Re4 47. Bf1 Ng6 48. Nb6 Rg4 49. a5 Rf4 50. Bg2 Rg4 51. Bf1 Rg3 52.
Rh1 Nf4 53. Rxh4 Nxd5 54. Nxd5 Bxd5 55. Bc4 e6 56. Bxd5 exd5 57. Rh7 d4 58.
Rxb7 Rg1 59. Kb2 Rg2+ 60. Kc1 Ra2 61. b4 d3 62. Rd7 Ra4 63. Rb7 Ra2 64. Rb6 Ke7
65. a6 Ke6 66. b5 Kd5 67. Rc6 Ra5 68. Rc3 Rxb5 69. Rxd3+ Kc6 70. Ra3 Rb8 71. a7
Ra8 72. Ra6+ Kb7 73. Rxd6 Rxa7 1/2-1/2

[Event "1. liga V 24/25, Dobra-Duras"]
[Site ""]
[Date "2025.04.06"]
[Round "11.6"]
[White "Glozar, Petr"]
[Black "Slanina, Miroslav"]
[Result "1/2-1/2"]
[WhiteFideId "374504"]
[BlackFideId "304867"]
[WhiteElo "2169"]
[BlackElo "2133"]
[PlyCount "0"]
[WhiteTeam "Duras Charlie's Street Brno"]
[BlackTeam "Sokol Dobra"]
[EventDate "2024.10.20"]

1. Nf3 d5 2. c4 c6 3. e3 Nf6 4. Qc2 Bg4 5. Ne5 Bh5 6. b3 e6
7. Bb2 Nbd7 8. d4 Nxe5 9. dxe5 Ne4 10. Nc3 Bb4 11. a3 Bxc3+ 12. Bxc3 Bg6 13.
Bd3 Nxc3 14. Bxg6 hxg6 15. Qxc3 dxc4 16. bxc4 Qg5 17. O-O O-O-O 18. f4 Qh5 19.
h3 Qe2 20. Rfe1 Qd2 21. Qb3 Rd3 22. Qa4 a6 23. Rad1 Qc3 24. Rxd3 Qxd3 25. Qb4
Rd8 26. Qc5 Qc2 27. Kh2 Kc7 28. Qa5+ Kc8 29. Qc5 Rd7 30. Ra1 Kc7 31. Qa5+ Kb8
32. Qb4 Qd2 33. Qc5 Qb2 34. Rf1 Kc7 35. Rf3 Qe2 36. Qa5+ Kc8 37. Qc5 Qd3 38. a4
Kc7 39. a5 Qc3 40. Qb6+ Kc8 41. Qc5 Qd3 42. Kg3 Qd2 1/2-1/2

[Event "1. liga V 24/25, Dobra-Duras"]
[Site ""]
[Date "2025.04.06"]
[Round "11.7"]
[White "Filip, Tomas"]
[Black "Novy, Martin"]
[Result "0-1"]
[WhiteFideId "358037"]
[BlackFideId "325155"]
[WhiteElo "2016"]
[BlackElo "2088"]
[PlyCount "0"]
[WhiteTeam "Sokol Dobra"]
[BlackTeam "Duras Charlie's Street Brno"]
[EventDate "2024.10.20"]

1. e4 e6 2. d4 d5 3. Nc3 dxe4 4. Nxe4 Bd7 5. Nf3 Bc6 6. Ng3
Nd7 7. Bd3 Ngf6 8. O-O Be7 9. Re1 O-O 10. Ne5 Nxe5 11. dxe5 Qd5 12. Bf1 Qxd1
13. Rxd1 Ng4 14. Re1 Bc5 15. Nh1 f6 16. Bc4 Bd5 17. Bxd5 exd5 18. Bf4 fxe5 19.
Bg3 c6 20. h3 Nf6 21. Bxe5 Ne4 22. Re2 Rae8 23. Bg3 Nxg3 24. Rxe8 Bxf2+ 25. Kh2
Rxe8 26. Nxf2 Nf5 27. Nd3 Re2 28. Rf1 Ne3 29. Rf2 Rxf2 30. Nxf2 Nxc2 31. Nd3
Kf7 32. Kg3 Ke7 33. Kf2 Kd6 34. h4 c5 35. a3 c4 36. Nf4 Ke5 37. Nh5 g6 38. Ng3
b5 39. h5 gxh5 40. Nxh5 a5 41. a4 bxa4 42. Ke2 a3 43. bxa3 Nxa3 0-1

[Event "1. liga V 24/25, Dobra-Duras"]
[Site ""]
[Date "2025.04.06"]
[Round "11.8"]
[White "Tikovsky, Alexandr"]
[Black "Cech, Tomas"]
[Result "1-0"]
[WhiteFideId "313009"]
[BlackFideId "305480"]
[WhiteElo "2096"]
[BlackElo "2065"]
[PlyCount "0"]
[WhiteTeam "Duras Charlie's Street Brno"]
[BlackTeam "Sokol Dobra"]
[EventDate "2024.10.20"]

1. g3 d6 2. Bg2 Nf6 3. c4 c6 4. Nc3 e5 5. e4 Be7 6. Nge2
O-O 7. O-O a6 8. a4 a5 9. h3 Na6 10. d3 Nc5 11. Be3 Qb6 12. f4 Qb4 13. Rf2 Nfd7
14. Kh2 Bf6 15. Nc1 Re8 16. f5 Qb6 17. N1e2 Qd8 18. Rf1 b6 19. Ng1 Bg5 20. Bf2
Nf8 21. h4 Be7 22. Nf3 h6 23. Rg1 Nh7 24. g4 f6 25. Be3 Ra7 26. Bh3 Bb7 27. Bg2
Ba8 28. b3 Rd7 29. Ra2 Qb8 30. Kh1 Red8 31. Rd2 Qc7 32. d4 Na6 33. d5 c5 34.
Bh3 Rf8 35. Rdg2 Bd8 36. g5 hxg5 37. hxg5 Nxg5 38. Nxg5 fxg5 39. Qh5 Bf6 40.
Bxg5 Qd8 41. Rh2 Nc7 42. Bg4 Ne8 43. Qh7+ Kf7 44. Bh5+ Ke7 45. Bxf6+ 1-0

[Event "1. liga V 24/25, BSS-SM"]
[Site ""]
[Date "2025.04.06"]
[Round "11.1"]
[White "Gnojek, Petr"]
[Black "Svanda, Ondrej"]
[Result "1/2-1/2"]
[WhiteFideId "371807"]
[BlackFideId "359670"]
[WhiteElo "2415"]
[BlackElo "2359"]
[PlyCount "0"]
[WhiteTeam "BSS Frydek-Mistek B"]
[BlackTeam "SK Stare Mesto"]
[EventDate "2024.10.20"]

1. d4 Nf6 2. c4 e6 3. Nf3 d5 4. Nc3 c6 5. Bg5 dxc4 6. e4 b5 7. e5 h6 8. Bh4 g5
9. Nxg5 hxg5 10. Bxg5 Be7 11. exf6 Bxf6 12. Bxf6 Qxf6 13. g3 Na6 14. Bg2 Bb7
15. Nxb5 O-O-O 16. Qa4 cxb5 17. Bxb7+ Kxb7 18. Qxb5+ Ka8 19. Qc6+ Kb8 20. Qb5+
Ka8 21. Qc6+ 1/2-1/2

[Event "1. liga V 24/25, BSS-SM"]
[Site ""]
[Date "2025.04.06"]
[Round "11.2"]
[White "Babula, Vlastimil"]
[Black "Rabatin, Jakub"]
[Result "1-0"]
[WhiteFideId "391930"]
[BlackFideId "329517"]
[WhiteElo "2335"]
[BlackElo "2321"]
[PlyCount "0"]
[WhiteTeam "SK Stare Mesto"]
[BlackTeam "BSS Frydek-Mistek B"]
[EventDate "2024.10.20"]

1. e4 c5 2. Nc3 a6 3. g3 b5 4. Bg2 Bb7 5. d3 e6 6. a3 d5 7. exd5 Nf6 8. Bg5
Nbd7 9. Nf3 exd5 10. d4 h6 11. Bf4 Be7 12. O-O O-O 13. Ne5 Re8 14. Nxd7 Qxd7
15. Re1 Rac8 16. Be5 b4 17. Ne2 cxd4 18. a4 Ne4 19. Bxd4 Qc6 20. Nf4 Bc5 21.
a5 Bxd4 22. Qxd4 Qc5 23. Rad1 Qxc2 24. f3 Nf6 25. Qxb4 Ba8 26. Bf1 d4 27. Bxa6
Rb8 28. Qxd4 Bxf3 29. Bd3 Qc7 30. Rxe8+ Rxe8 31. Rf1 Ba8 32. Qb6 Qe5 33. b4
Nd5 34. Qc5 Nxf4 35. Rxf4 Qb2 36. Bf1 g5 37. Rf2 Qb1 38. Qc4 Qg6 39. b5 h5 40.
a6 Rf8 41. Qd4 h4 42. b6 1-0

[Event "1. liga V 24/25, BSS-SM"]
[Site ""]
[Date "2025.04.06"]
[Round "11.3"]
[White "Virostko, Petr"]
[Black "Delgerdalai, Bayarjavkhlan"]
[Result "1-0"]
[WhiteFideId "308340"]
[BlackFideId "23727276"]
[WhiteElo "2293"]
[BlackElo "2381"]
[PlyCount "0"]
[WhiteTeam "BSS Frydek-Mistek B"]
[BlackTeam "SK Stare Mesto"]
[EventDate "2024.10.20"]

1. d4 Nf6 2. c4 e6 3. Nc3 d5 4. cxd5 exd5 5. Bg5 Bb4 6. Qa4+ Nc6 7. e3 h6 8.
Bxf6 Qxf6 9. a3 Bxc3+ 10. bxc3 O-O 11. Nf3 Re8 12. Be2 Qg6 13. O-O Bh3 14. Ne1
Bf5 15. Qb5 Qd6 16. Qxb7 Reb8 17. Qa6 Rb3 18. Bb5 Bd7 19. Nf3 Rb8 20. Bxc6
Bxc6 21. Rfc1 Bd7 22. Qxd6 cxd6 23. c4 dxc4 24. Nd2 Bf5 25. Nxc4 d5 26. Na5
Rb2 27. Nc6 R8b7 28. Nb4 Be6 29. Rc5 Kh7 30. h3 Rd7 31. Rac1 Rb3 32. Ra5 g5
33. Rcc5 Rb1+ 34. Kh2 Rf1 35. Nxd5 Rxf2 36. Kg1 Rf5 37. e4 Rfxd5 38. exd5 Bf5
39. d6 1-0

[Event "1. liga V 24/25, BSS-SM"]
[Site ""]
[Date "2025.04.06"]
[Round "11.4"]
[White "Babula, Matej"]
[Black "Paseka, Matyas"]
[Result "1/2-1/2"]
[WhiteFideId "398322"]
[BlackFideId "23703296"]
[WhiteElo "2131"]
[BlackElo "2287"]
[PlyCount "0"]
[WhiteTeam "SK Stare Mesto"]
[BlackTeam "BSS Frydek-Mistek B"]
[EventDate "2024.10.20"]

1. e4 c5 2. c3 d5 3. exd5 Qxd5 4. d4 Nf6 5. Nf3 Bg4 6. Nbd2 e6 7. Qa4+ Nbd7 8.
Bc4 Qd6 9. Bb5 Bxf3 10. Nxf3 a6 11. O-O Rc8 12. Bxd7+ Qxd7 13. Qxd7+ Nxd7 14.
Be3 Be7 1/2-1/2

[Event "1. liga V 24/25, BSS-SM"]
[Site ""]
[Date "2025.04.06"]
[Round "11.6"]
[White "Vrana, Frantisek"]
[Black "Stepan, Patrik"]
[Result "1/2-1/2"]
[WhiteFideId "302066"]
[BlackFideId "358444"]
[WhiteElo "2119"]
[BlackElo "2207"]
[PlyCount "0"]
[WhiteTeam "SK Stare Mesto"]
[BlackTeam "BSS Frydek-Mistek B"]
[EventDate "2024.10.20"]

1. e4 c5 2. Nf3 e6 3. d3 Nc6 4. g3 g6 5. Bg2 Bg7 6. c3 Nge7 7. h4 h5 8. O-O d5
9. Qe2 O-O 10. e5 Nf5 11. Re1 b5 12. Nbd2 b4 13. Nf1 bxc3 14. bxc3 Ba6 15. Ne3
Re8 16. Nd1 Rb8 17. Bf4 Qa5 18. Ng5 c4 19. d4 Ncxd4 20. Qd2 Nb3 21. axb3 Qxa1
22. Ne3 Qxe1+ 23. Qxe1 Nxe3 24. Bxe3 cxb3 25. Bc1 b2 26. Bxb2 Rxb2 27. Qe3 Rb7
28. Bh3 Bc4 29. g4 hxg4 30. Bxg4 Ba2 31. h5 Bb1 32. Be2 a5 33. Ba6 Rb3 34. Nf3
gxh5 35. Nd2 Rb2 36. c4 Ra8 37. Qc3 Rxd2 38. Qxd2 Rxa6 39. Qb2 Bd3 40. Qb8+
Kh7 41. Qb7 Bxc4 42. Qxf7 Bb5 43. f4 a4 44. f5 exf5 45. e6 Kh6 46. Qb7 Rxe6
47. Qxb5 a3 48. Qxd5 Ra6 49. Qd2+ Kh7 50. Qa2 h4 51. Kg2 Kg6 1/2-1/2

[Event "1. liga V 24/25, BSS-SM"]
[Site ""]
[Date "2025.04.06"]
[Round "11.7"]
[White "Trojan, Matyas"]
[Black "Dvoulety, Pavel"]
[Result "0-1"]
[WhiteFideId "23710764"]
[BlackFideId "324981"]
[WhiteElo "2116"]
[BlackElo "2012"]
[PlyCount "0"]
[WhiteTeam "BSS Frydek-Mistek B"]
[BlackTeam "SK Stare Mesto"]
[EventDate "2024.10.20"]

1. e4 c5 2. Nf3 Nc6 3. d4 cxd4 4. Nxd4 g6 5. Nc3 Bg7 6. Be3 d6 7. Qd2 a6 8.
O-O-O Bd7 9. h4 b5 10. Nd5 Rb8 11. Kb1 Ne5 12. f4 Nc4 13. Bxc4 bxc4 14. c3 e6
15. Nb4 Qc8 16. Qe2 a5 17. Nbc2 Nf6 18. Bc1 Qb7 19. Rhe1 O-O 20. Ka1 d5 21. e5
Ne4 22. Qe3 Ba4 23. g4 Bxc2 24. Nxc2 f6 25. exf6 Bxf6 26. Nd4 Bxh4 27. Rh1 Bf2
28. Qe2 Bxd4 29. Rxd4 e5 30. Rxe4 dxe4 31. f5 Qc6 32. Rh6 Rf6 33. Qh2 Qc7 34.
Be3 Rd8 35. Qe2 Rd3 36. Bg5 Qd7 37. Kb1 Rd1+ 38. Kc2 Qa4+ 39. b3 cxb3+ 40.
axb3 Qa2+ 41. Kxd1 Qb1+ 42. Kd2 Rd6+ 43. Ke3 Qc1+ 44. Kxe4 Qxg5 45. Qc4+ Kf8
46. Kf3 e4+ 47. Qxe4 Qxh6 48. Qa8+ Kf7 0-1

[Event "1. liga V 24/25, BSS-SM"]
[Site ""]
[Date "2025.04.06"]
[Round "11.8"]
[White "Horsak, Jan"]
[Black "Vanicek, Michal"]
[Result "0-1"]
[WhiteFideId "327573"]
[BlackFideId "338850"]
[WhiteElo "2022"]
[BlackElo "1873"]
[PlyCount "0"]
[WhiteTeam "SK Stare Mesto"]
[BlackTeam "BSS Frydek-Mistek B"]
[EventDate "2024.10.20"]

1. c4 c5 2. g3 g6 3. Bg2 Bg7 4. Nc3 Nc6 5. d3 d6 6. e3 e5 7. Nge2 Nge7 8. Nd5
O-O 9. O-O Rb8 10. Nec3 a6 11. a4 Nxd5 12. Nxd5 b5 13. axb5 axb5 14. Nc3 b4
15. Bxc6 bxc3 16. bxc3 Bh3 17. Re1 f5 18. Bd5+ Kh8 19. Ra7 Qb6 20. Qa4 Rfd8
21. e4 f4 22. gxf4 exf4 23. Bxf4 Bxc3 24. Rc1 Bd4 25. Rf7 Rf8 26. Be3 Rxf7 27.
Bxd4+ cxd4 28. Bxf7 Qd8 29. f4 Qh4 30. Qc2 Qg4+ 31. Kh1 Qxf4 32. Bd5 Rf8 33.
Qd1 Bg4 34. Qe1 Bf3+ 0-1

[Event "1. liga V 24/25, Poruba-Hostalkova"]
[Site ""]
[Date "2025.04.06"]
[Round "11.1"]
[White "Niedbala, Bartlomiej"]
[Black "Slovak, Kilian"]
[Result "0-1"]
[WhiteFideId "21834008"]
[BlackFideId "365440"]
[WhiteElo "2377"]
[BlackElo "2337"]
[PlyCount "0"]
[WhiteTeam "SK Slavoj Poruba B"]
[BlackTeam "Sachy Hostalkova"]
[EventDate "2024.10.20"]

1. Nf3 Nf6 2. c4 g6 3. Nc3 Bg7 4. d4 O-O 5. e4 d6 6. Be2 e5 7. d5 a5 8. Bg5 h6
9. Be3 Ng4 10. Bd2 f5 11. h3 Nf6 12. exf5 gxf5 13. g4 f4 14. g5 e4 15. gxf6
exf3 16. fxg7 Re8 17. Bxf4 Bf5 18. Be3 fxe2 19. Qxe2 Nd7 20. O-O-O a4 21. Qh5
Bh7 22. Qxh6 Ne5 23. Rhg1 a3 24. b3 Qd7 25. Qh5 Nd3+ 26. Kd2 Re5 27. Rg5 Rxg5
28. Qxg5 Re8 29. Rg1 Qf7 30. Rg2 Ne5 31. Qf4 Nf3+ 32. Kc1 Qxf4 33. Bxf4 Re1+
34. Nd1 Re2 35. Nc3 Rc2+ 36. Kd1 Rxc3 37. Rg3 Rxb3 38. Be3 Rb1+ 39. Bc1 Ne5 40.
Rxa3 Nd3 0-1

[Event "1. liga V 24/25, Poruba-Hostalkova"]
[Site ""]
[Date "2025.04.06"]
[Round "11.2"]
[White "Bouska, Jiri"]
[Black "Rasik, Vitezslav"]
[Result "1/2-1/2"]
[WhiteFideId "23722223"]
[BlackFideId "300306"]
[WhiteElo "2322"]
[BlackElo "2427"]
[PlyCount "0"]
[WhiteTeam "Sachy Hostalkova"]
[BlackTeam "SK Slavoj Poruba B"]
[EventDate "2024.10.20"]

1. e4 d6 2. d4 g6 3. Nc3 Bg7 4. Be3 c6 5. Qd2 Qa5 6. Nf3 Nf6 7. Bd3 Bg4 8. Ne2
Qxd2+ 9. Nxd2 O-O 10. h3 Bxe2 11. Bxe2 Nbd7 12. O-O e5 13. dxe5 Nxe5 14. f4
Ned7 15. Bf3 Rfe8 16. Rfe1 Nf8 17. Rad1 Re6 18. g4 Rae8 19. Bf2 h6 20. Bg3 R6e7
21. f5 Rd7 22. Nc4 Nxe4 23. Bxe4 d5 24. Nd6 Red8 25. Bg2 Rxd6 26. Bxd6 Rxd6 27.
c3 b5 28. a4 bxa4 29. Ra1 d4 30. Rxa4 dxc3 31. bxc3 Bxc3 32. Rc1 Bd4+ 33. Kh1
c5 34. Rxa7 gxf5 35. gxf5 Kg7 36. Rb7 Nd7 37. Be4 1/2-1/2